| 000 | 00691pam a2200217 a 4500 | ||
|---|---|---|---|
| 001 | 3434747 | ||
| 003 | OSt | ||
| 005 | 20260202143139.0 | ||
| 008 | 911127s1992 nyu b 001 0 eng | ||
| 020 | _a0863584306 | ||
| 040 |
_aKABLIB _cKABLIB _beng |
||
| 082 | 0 | 0 |
_a616.8521 _223 _bHER |
| 100 | 1 |
_aHerman, Judith Lewis, _914979 |
|
| 245 | 1 | 0 |
_aTrauma and recovery / _cJudith Lewis Herman. |
| 260 |
_a[New York, N.Y.] : _bBasicBooks, _cc1992. |
||
| 300 |
_axi, 276 p. ; _c24 cm. |
||
| 504 | _aIncludes bibliographical references (p. [237]-267) and index. | ||
| 650 | 0 |
_aPost-traumatic stress disorder. _912474 |
|
| 650 | 0 |
_aPost-traumatic stress disorder _xTreatment. _914980 |
|
| 942 |
_2ddc _cBOOK |
||
| 999 |
_c5938 _d5938 |
||